Detalles MARC
| 000 -ENCABEZADO |
| Número de control [NR] |
03920nam a2200349Ia 4500 |
| 005 - FECHA Y HORA DE LA ÚLTIMA TRANSACCIÓN |
| control field |
20200420072922.0 |
| 008 - DE LONGITUD FIJA DE DATOS DE ELEMENTOS - INFORMACIÓN GENERAL |
| Elementos de longitud fija [NR] |
130821s1493 it gr spa |
| 040 ## - FUENTE DE CATALOGACION [NR] |
| Agencia de catalogación original [NR] |
Co-BoUCM |
| Idioma de catalogación [NR] |
spa |
| Quien Cataloga |
Sandra Yazo (modificó) |
| Quien Clasifica |
Sandra Yazo (modificó) |
| 041 0# - CODIGO DE IDIOMA [R] |
| Código de idioma para texto/pista de sonido o título separado [R] |
Español |
| 082 04 - NUMERO DE CLASIFICACION DECIMAL DEWEY [R] |
| Número de clasificación [R] |
252.6 |
| Número de la edición [NR] |
20 |
| 092 ## - SIGNATURA TOPOGRAFICA LOCAL |
| Número de clasificación local |
E22N025 |
| 100 1# - ASIENTO PRINCIPAL--NOMBRE PERSONAL [NR] |
| Nombre personal [NR] |
Franciscus de Mayronis |
| Fechas asociadas con el nombre [NR] |
ca. 1285-ca. 1328. |
| ID Autoridad |
37636 |
| 242 00 - TRADUCCION DEL TITULO POR LA AGENCIA CATALOGADORA [R] |
| Título [NR] |
Aquí empiezan felizmente los sermones dominicales y en alabanza de los santos, para todo el año. Con temas útiles para los que ejercen el oficio de predicar |
| Mención de responsabilidad, etc. [NR] |
Por el clarísimo e iluminado doctor y Maestro Francisco de Mayronis, de la Orden de Frailes Menores |
| Código de idioma del título traducido [NR] |
spa |
| 245 11 - MENCION DE TITULO [NR] |
| Título [NR] |
[Sermones de laudibus sanctorum et dominicales per totum annum cum aliquibus tractatibus utilimis pro predicandi officio |
| Mención de responsabilidad, etc. [NR] |
per clarissimi sacre teologie doctoris illuminati magistri Francisci d'Mayronis ordinis minorum, feliciter incipiunt] |
| 260 ## - PUBLICACION, DISTRIBUCION, ETC. (PIE DE IMPRENTA) [R] |
| Lugar de publicación, distribución, etc. [R] |
Venecia (Italia) |
| Nombre del editor, distribuidor, etc. [R] |
Pelegrinum de Pasqualibus [Peregrino de Pasquale] |
| Fecha de publicación, distribución, etc. [R] |
1493 |
| 300 ## - DESCRIPCION FISICA [R] |
| Extensión [R] |
[10], 241fol [e i 210-218] |
| 500 ## - NOTA GENERAL [R] |
| Nota general [NR] |
Detalles físicos: Encuadernación en pergamino, notorios residuos de pegante en el lomo. Ejemplar desencuadernado, faltan primeras páginas incluyendo la portada. Guardas desprendidas. Varias anotaciones. Fol.1 con impresión a dos tintas. Impresión en dos columnas, en letra gótica muy densa. Apostillas e índices al margen, faltan letras capitales. Márgenes amplios. Colofón. En el último folio (V) grabado en xilografía (iniciales del impresor). Con Signaturas. Registro. El texto está completo. Varios errores en la impresión de la numeración. Algunas hojas empiezan a desprenderse. Subrayados, comentarios y glosas al margen (fol. 120 V y 121; 123). Primeras hojas, con notable deterioro en los bordes con dobleces. Al reverso de la tapa delantera, sobre la piel anotación: "Es de la librería de San Francisco de Santafé. Fray Juan de Palacios".Otra anotación: "Este libro llamado Mairones es del convento de...". En la guarda delantera, varias anotaciones: "...Convento de San Francisco es este libro intitulado Mayrones de Sanctis". "...es de la librería...". Otra anotación: escrito a mano se lee: "Sermones Francisci de Mairones de Sanctis" y "De la librería de San Francisco de Santa Fe". Perteneció a la biblioteca de Rafael María Carrasquilla |
| 500 ## - NOTA GENERAL [R] |
| Nota general [NR] |
Incunable |
| 500 ## - NOTA GENERAL [R] |
| Nota general [NR] |
Título tomado del Fol.1 y datos de publicación del colofón. Donación del S. Rector Mons. R.M. Carrasquilla (Según el Catálogo del Archivo Histórico / ficha bibliográfica). |
| 505 0# - NOTA DE CONTENIDO CON FORMATO PREESTABLECIDO [R] |
| Nota de contenido con formato preestablecido [NR] |
Sermones para todo el año: Fiestas de los Santos con material de ayuda para los predicadores. ; Sermones en alabanza del Nacimiento de Jesús. ; Sermón en la fiesta de San Esteban. ; Sermones para la fiesta de la Circuncisión y la Epifanía del Señor. ; Sermón para la fiesta de Santa Inés. ; Sermón para la fiesta de los mártires Vicente y Anastasio -- Tratados: Guías para predicación Sobre el Padre Nuestro. ; Sobre la penitencia. ; Tratado sobre el ayuno. ; Tratado sobre los artículos de la fe. ; Exposición sobre el Magnificat. ; Tratado Sobre el cuerpo de Cristo. ; Tratado sobre los siete dones del Espíritu Santo. ; Tratado sobre el Juicio Final. |
| 506 ## - NOTA DE RESTRICCIONES DE ACCESO [R] |
| Condiciones de acceso [NR] |
Consulta en sala. |
| 610 #7 - ASIENTO SECUNDARIO DE MATERIA - NOMBRE CORPORATIVO [R] |
| Nombre corporativo o nombre de la jurisdicción como elemento de entrada [NR] |
Iglesia Católica |
| Subdivisión general [R] |
Sermones |
| -- |
Obras anteriores a 1500 |
| 9 (RLIN) |
7705 |
| 650 #7 - ASIENTO SECUNDARIO DE MATERIA - TERMINO TEMATICO [R] |
| Término temático o nombre geográfico como elemento de entrada [NR] |
Año eclesiástico |
| Subdivisión general [R] |
Obras anteriores a 1500 |
| 9 (RLIN) |
9212 |
| 650 #7 - ASIENTO SECUNDARIO DE MATERIA - TERMINO TEMATICO [R] |
| Término temático o nombre geográfico como elemento de entrada [NR] |
Escolasticismo |
| Subdivisión general [R] |
Obras anteriores a 1500 |
| 9 (RLIN) |
14772 |
| 650 #7 - ASIENTO SECUNDARIO DE MATERIA - TERMINO TEMATICO [R] |
| Término temático o nombre geográfico como elemento de entrada [NR] |
Iglesias |
| 9 (RLIN) |
17149 |
| 650 #7 - ASIENTO SECUNDARIO DE MATERIA - TERMINO TEMATICO [R] |
| Término temático o nombre geográfico como elemento de entrada [NR] |
Oratoria sagrada |
| Subdivisión general [R] |
Obras anteriores a 1500 |
| 9 (RLIN) |
20808 |
| 650 #7 - ASIENTO SECUNDARIO DE MATERIA - TERMINO TEMATICO [R] |
| Término temático o nombre geográfico como elemento de entrada [NR] |
Sermones de festividades religiosas |
| Subdivisión general [R] |
Obras anteriores a 1500 |
| 9 (RLIN) |
24240 |
| 650 #7 - ASIENTO SECUNDARIO DE MATERIA - TERMINO TEMATICO [R] |
| Término temático o nombre geográfico como elemento de entrada [NR] |
Sermones para el año eclesiástico |
| Subdivisión general [R] |
Obras anteriores a 1500 |
| 9 (RLIN) |
24248 |
| 700 1# - ASIENTO SECUNDARIO - NOMBRE PERSONAL [R] |
| Nombre personal [NR] |
Pasquale, Peregrino de |
| 9 (RLIN) |
37637 |
| 856 4# - LOCALIZACION Y ACCESO ELECTRONICOS [R] |
| Identificador Uniforme del Recurso (“URI”) [R] |
<a href="http://repository.urosario.edu.co/handle/10336/12096">http://repository.urosario.edu.co/handle/10336/12096</a> |
| Nota dirigida al público [R] |
Disponible en línea |
| 942 ## - ELEMENTOS DE ENTRADA AGREGADOS (KOHA) |
| Tipo de ítem principal el descrito en 300a |
Libro |
| Tema principal |
4 |
| Edición |
1 |
| Sistema de clasificación |
LOCAL |
| Clasificación |
E22N025 |